000 00922nam a2200253 i 4500
001 bg
100 1 _aRafalski, Leszek.
245 1 0 _aPodbudowy drogowe /
_cLeszek Rafalski.
260 _aWarszawa :
_bInstytut Badawczy Dróg i Mostów. Branżowy Ośrodek Informacji Naukowej, Technicznej i Ekonomicznej Drogownictwa,
_c2007.
300 _a164 s. :
_brys., wykr. ;
_c24 cm.
490 _aStudia i Materiały / Instytut Badawczy Dróg i Mostów,
_x0239-8575 ;
_vz. 59
504 _aBibliogr. s. 150-164.
650 9 _aDrogi
_xmateriały
650 9 _aDrogi
_xbudownictwo
_xtechnologia
830 0 _aStudia i Materiały - Instytut Badawczy Dróg i Mostów,
_vz. 59
022 _a02398575
040 _cBPK
041 0 _apol
044 _aPOL
080 _a625.7/.8:691
942 _cKS
008 s pl f |000 0 pol
999 _c54451
_d54451
856 _uhttp://koha.tu.koszalin.pl/cgi-bin/koha/opac-detail.pl?biblionumber=54451
_yKatalog online BPK